| 000 | 00396nam a2200157Ia 4500 | ||
|---|---|---|---|
| 008 | 210716s2005 xx 000 0 und d | ||
| 020 | _a0072881305 | ||
| 041 | _aeng | ||
| 082 | _a658.408 LAWA | ||
| 100 | _aLawrence, Anne T; Weber, James; Post, James E. | ||
| 245 | _aBusiness and society. | ||
| 250 | _a11 | ||
| 260 |
_aNew York _bMc Graw Hill _c2005 |
||
| 300 | _axxi,535 | ||
| 650 | _aNone | ||
| 999 |
_c206246 _d206246 |
||